Anuario legislativo de instrucción pública. (Record no. 177272)
[ view plain ]
| 000 -LEADER | |
|---|---|
| campo de control de longitud fija | 00703nas a2200229 i 4500 |
| 001 - NÚMERO DE CONTROL | |
| campo de control | 177272 |
| 003 - IDENTIFICADOR DE NÚMERO DE CONTROL | |
| campo de control | ES-MaACL |
| 005 - FECHA Y HORA DE LA ÚLTIMA TRANSACCIÓN | |
| campo de control | 20250217134858.0 |
| 008 - DATOS DE LONGITUD FIJA--INFORMACIÓN GENERAL | |
| campo de control de longitud fija | 110311d18901910sp a| p r | ||pa d |
| 022 ## - NÚMERO INTERNACIONAL NORMALIZADO PARA PUBLICACIONES SERIADAS | |
| Número Internacional Normalizado para Publicaciones Seriadas | 9918-0898 |
| 080 ## - NÚMERO DE LA CLASIFICACIÓN DECIMAL UNIVERSAL | |
| Número de la Clasificación Decimal Universal | 351.85(460)(094.5) |
| 245 00 - MENCIÓN DEL TÍTULO | |
| Título | Anuario legislativo de instrucción pública. |
| 260 ## - PUBLICACIÓN, DISTRIBUCIÓN, ETC. | |
| Lugar de publicación, distribución, etc. | Madrid : |
| Nombre del editor, distribuidor, etc. | Inspección General de Enseñanza, |
| Fecha de publicación, distribución, etc. | 1890-1910 ( |
| Fabricante | Estab. Tip. de Ricardo Fé) |
| 300 ## - DESCRIPCIÓN FÍSICA | |
| Extensión | 13 v. ; |
| Dimensiones | 25 cm. |
| 310 ## - PERIODICIDAD ACTUAL | |
| Periodicidad actual | Anual |
| 362 0# - FECHAS DE PUBLICACIÓN Y/O DESIGNACIÓN SECUENCIAL | |
| Fecha de publicación y/o designación secuencial | 1889-1909. |
| 650 04 - PUNTO DE ACCESO ADICIONAL DE MATERIA--TÉRMINO DE MATERIA | |
| Término de materia o nombre geográfico como elemento de entrada | Enseñanza- |
| Subdivisión general | Legislación- |
| Subdivisión geográfica | España. |
| 9 (RLIN) | 12292 |
| 785 00 - ENTRADA/ENLACE A UN TÍTULO POSTERIOR | |
| Título | Colección legislativa de instrucción pública |
| 852 ## - LOCALIZACIÓN | |
| Ubicación | ES-MaACL |
| Número de control de estantería | Hem-27 |
| 866 #0 - MENCIÓN TEXTUAL DE FONDOS--UNIDAD BIBLIOGRÁFICA BÁSICA | |
| Fondos | 1889-1909 |
| Estatus retirado | Estado de pérdida | Estado de daño | No para préstamo | Colección | Biblioteca de origen | Biblioteca actual | Ubicación en estantería | Fecha de adquisición | Fuente de adquisición | Total de préstamos | Signatura topográfica completa | Código de barras | Visto por última vez | Precio de reemplazo | Tipo de ítem Koha |
|---|---|---|---|---|---|---|---|---|---|---|---|---|---|---|---|
| Periódicos y Revistas | Biblioteca del Ateneo de Madrid | Biblioteca del Ateneo de Madrid | Depósito 1 | 11/03/2011 | Hem-27 | 1186185 | 23/02/2023 | 23/02/2023 | Revista |
